00827nam a2200217 a 4500001001000000003000500010005001700015008004100032010001100073011001100084040000900095100004200104245010500146260004100251500006000292502008000352650002900432650003300461650004500494856007000539000113167CHAP20220329144341.0170508s2016 mx sm |||||||spa d a109628 a110600 cCHAP1 aVázquez Márquez, Gustavo Emmanuel10aDescripción de un sistema de moto-aserrioh[En línea]cpor Gustavo Emmanuel Vázquez Márquez. aChapingo, Méx. :bEl autor,c2016. aPara ver el contenido del material haga clic en la liga aTesis (Ing. Forestal Industrial) -- UACH. División de Ciencias Forestales14aAserraderosxMaquinaria.14aMaderaxCortexEvaluación.14aSierras de cadenaxCombustiblexConsumo. aFinding aiduhttp://10.13.5.2/tesis/sist113167.pdfzTeclea aquí